| 000 | 00865nam a22001937a 4500 | ||
|---|---|---|---|
| 999 |
_c62465 _d62465 |
||
| 003 | Ge_BSU | ||
| 005 | 20241114105055.0 | ||
| 008 | 241114s1991 ge ||||| |||| 00| 0 geo d | ||
| 041 | _ageo | ||
| 080 | _a616.12-053.2 ბ-46 | ||
| 100 |
_aბელოკონი, ნ _923688 |
||
| 245 |
_aარარევმატული კარდიტები ბავშვებში / _cნ.ბელოკონი, [თარგმნა დ. ჯავახიშვილმა]. |
||
| 264 |
_aთბილისი : _bსაქართველო, _c1991. |
||
| 300 |
_a188გვ. ; _b20 სმ. |
||
| 653 | _aარარევმატული კარდიტები ბავშვებში. | ||
| 653 | _aმედიცინა | ||
| 700 |
_aჯავახიშვილი, დ _eმთარგმნელი _922400 |
||
| 942 |
_2udc _cBK |
||